[Event "Valle d'Aosta op 11th"]
[Site "Saint Vincent"]
[Date "2003.02.09"]
[Round "2"]
[White "Ibrahimov, Rasul"]
[Black "Carlsen, Magnus"]
[Result "1-0"]
[WhiteElo "2462"]
[BlackElo "2279"]
[PlyCount "95"]
[EventDate "2003.02.08"]
[EventType "swiss"]
[EventRounds "9"]
[EventCountry "ITA"]
[SourceTitle "EXT 2023"]
[Source "ChessBase"]
[SourceDate "2022.10.05"]
[SourceVersion "1"]
[SourceVersionDate "2022.10.05"]
[SourceQuality "1"]

1. Nf3 d6 2. d4 f5 3. g3 Nf6 4. Bg2 g6 5. b3 Bg7 6. Bb2 O-O 7. O-O Ne4 8. c4 Nc6 9. Qc2 ({RR} 9. Qc1 e5 10. e3 a5 11. Nbd2 Nxd2 12. Qxd2 Qe7 13. a3 Bd7 14. Rac1 e4 15. Ne1 Nd8 16. d5 Bxb2 17. Qxb2 Nf7 18. Qc3 b6 19. f4 exf3 20. Nxf3 Rae8 21. Rce1 Ng5 22. Nxg5 Qxg5 23. b4 axb4 {Puranik,A (2616)-Idani,P (2637) Almaty KAZ 2022 0-1 (46)}) 9... e5 10. e3 ({RR} 10. d5 Ne7 11. Nbd2 Nf6 12. e4 Bh6 13. exf5 Bxf5 14. Qc3 g5 15. h3 g4 16. Nh4 Bd7 17. hxg4 Nxg4 18. Rae1 Rf7 19. f4 Bg7 20. Qc2 Nf5 21. Nxf5 Bxf5 22. Be4 Bxe4 23. Qxe4 exf4 24. Bxg7 Rxg7 {Ellson,L (1807)-Xian,J (2159) Liverpool ENG 2025 0-1 (57)}) 10... Qe8 $146 ({RR} 10... Qe7 11. a3 a5 12. Nc3 Nxc3 13. Bxc3 e4 14. Nd2 Bd7 15. b4 axb4 16. axb4 Rxa1 17. Rxa1 h5 18. b5 Nd8 19. b6 c6 20. Ra7 h4 21. d5 c5 22. Nb3 Bc8 23. Qb2 Bxc3 24. Qxc3 Nf7 25. Na5 {Neyman,I (2231)-Schuh,K (2201) Wuerttemberg 2016 ½-½ (31)}) 11. a3 a5 12. Nc3 Nxc3 13. Bxc3 e4 14. Nd2 Bd7 15. Rae1 Qf7 16. f3 exf3 17. Bxf3 Kh8 18. Bd5 Qe7 19. Nf3 g5 20. e4 f4 21. e5 Bf5 22. Be4 Bxe4 23. Qxe4 g4 24. Nh4 fxg3 25. hxg3 dxe5 26. Nf5 Qxa3 27. d5 Qxb3 28. Qe3 Nd4 29. Bxd4 Qxe3+ 30. Bxe3 a4 31. Bc5 Rfe8 32. Nxg7 Kxg7 33. Ba3 Rad8 34. Re4 h5 35. Bb2 Kg6 36. Rxe5 a3 37. Bd4 Rxe5 38. Bxe5 Rd7 39. Bf4 b5 40. cxb5 Rxd5 41. Ra1 Rxb5 42. Rxa3 Rb1+ 43. Kf2 Rb2+ 44. Ke3 Rh2 45. Ra6+ Kf5 46. Ra5+ Kg6 47. Bg5 Rc2 48. Bh4 1-0

[Event "Olympiad-38"]
[Site "Dresden"]
[Date "2008.11.14"]
[Round "2"]
[White "Meier, Georg"]
[Black "Carlsen, Magnus"]
[Result "1/2-1/2"]
[WhiteElo "2558"]
[BlackElo "2786"]
[PlyCount "60"]
[EventDate "2008.11.13"]
[EventType "team-swiss"]
[EventRounds "11"]
[EventCountry "GER"]
[SourceTitle "CBM 128"]
[Source "ChessBase"]
[SourceDate "2009.01.28"]
[SourceVersion "1"]
[SourceVersionDate "2009.01.28"]
[SourceQuality "1"]
[WhiteTeam "Germany II"]
[BlackTeam "Norway"]
[WhiteTeamCountry "GER"]
[BlackTeamCountry "NOR"]

1. Nf3 Nf6 2. c4 e6 3. Nc3 d5 4. d4 Nbd7 5. Bg5 c6 6. e3 Qa5 7. cxd5 Nxd5 8. Qd2 Bb4 9. Rc1 c5 10. a3 Bxc3 11. bxc3 b6 12. c4 Qxd2+ 13. Nxd2 N5f6 14. Be2 Ba6 15. f3 O-O 16. Kf2 h6 17. Bh4 Rfe8 18. Rhd1 cxd4 19. exd4 e5 20. Nb3 Rac8 $146 ({RR} 20... Nh5 21. g4 Nf4 22. Bf1 Ne6 23. dxe5 Nxe5 24. Bg3 Nc6 25. Bd3 Rac8 26. Bf5 g6 27. Bb1 Red8 28. Rxd8+ Ncxd8 29. Nd2 Nc5 30. Bf4 Kg7 31. Be5+ f6 32. Bc3 Nde6 33. Re1 Kf7 34. h4 Rd8 35. Kg3 {Moiseenko,A (2679)-Krasenkow,M (2619) Mulhouse 2011 1-0 (41)}) 21. a4 e4 22. Bxf6 Nxf6 23. d5 exf3 24. gxf3 Kf8 25. Bf1 Red8 26. Nd4 Rc5 27. Nb3 Rc7 28. Nd4 Rc5 29. Nb3 Rc7 30. Nd4 Rc5 1/2-1/2

[Event "Corus-B"]
[Site "Wijk aan Zee"]
[Date "2006.01.22"]
[Round "8"]
[White "Navara, David"]
[Black "Carlsen, Magnus"]
[Result "1/2-1/2"]
[WhiteElo "2660"]
[BlackElo "2625"]
[PlyCount "77"]
[EventDate "2006.01.14"]
[EventType "tourn"]
[EventRounds "13"]
[EventCountry "NED"]
[EventCategory "15"]
[SourceTitle "CBM 111"]
[Source "ChessBase"]
[SourceDate "2006.04.04"]
[SourceVersion "1"]
[SourceVersionDate "2006.04.04"]
[SourceQuality "1"]

1. Nf3 Nf6 2. c4 e6 3. Nc3 d5 4. d4 Bb4 5. Bg5 c5 6. cxd5 exd5 7. dxc5 Nbd7 8. Rc1 Qa5 9. a3 Bxc3+ 10. Rxc3 Ne4 11. Bd2 Ndxc5 12. Rc1 Nxd2 13. Qxd2 Qxd2+ 14. Nxd2 b6 $146 ({RR} 14... Ne6 15. g3 b6 16. Bg2 Bb7 17. Nb3 {½-½ (17) Bukavshin,I (2522)-Korobov,A (2702) Moscow 2013}) 15. e3 Ke7 16. b4 Ne6 17. Nb3 a5 18. bxa5 Bd7 19. Rc3 bxa5 20. Kd2 Rab8 21. Bd3 a4 22. Nd4 Nxd4 23. exd4 Rb2+ 24. Rc2 Rb3 25. Rc3 Rb2+ 26. Rc2 Rb3 27. Ra2 Rc8 28. Re1+ Kd6 29. Re3 h6 30. h4 g5 31. hxg5 hxg5 32. Bc2 Rbb8 33. Rc3 Rxc3 34. Kxc3 Rc8+ 35. Kd2 Rc4 36. Ke3 Rc3+ 37. Kd2 Rc4 38. Ke3 Rc3+ 39. Kd2 1/2-1/2

[Event "Claude Pecaut Memorial"]
[Site "Taormina"]
[Date "2003.11.16"]
[Round "2"]
[White "Ortega, Lexy"]
[Black "Carlsen, Magnus"]
[Result "1/2-1/2"]
[WhiteElo "2462"]
[BlackElo "2450"]
[PlyCount "84"]
[EventDate "2003.11.15"]
[EventType "tourn"]
[EventRounds "9"]
[EventCountry "ITA"]
[EventCategory "7"]
[SourceTitle "CBM 097 Extra"]
[Source "ChessBase"]
[SourceDate "2004.01.13"]
[SourceVersion "1"]
[SourceVersionDate "2004.01.13"]
[SourceQuality "1"]

1. Nf3 Nf6 2. c4 g6 3. Nc3 c5 4. d4 cxd4 5. Nxd4 Nc6 6. e4 d6 7. Be2 Nxd4 8. Qxd4 Bg7 9. Bg5 O-O 10. Qd2 Be6 11. O-O Qa5 12. Rac1 Rfc8 13. b3 a6 14. f4 b5 15. f5 b4 16. fxe6 bxc3 17. exf7+ Kxf7 18. Rxc3 Kg8 19. Bf3 Rab8 20. Rc2 $146 ({RR} 20. Rd3 Qxd2 21. Bxd2 Rc5 22. Be3 Ra5 23. Rf2 Nd7 24. Bg4 Ne5 25. Be6+ Kh8 26. Rd1 Bf6 27. Rc2 Nc6 28. c5 dxc5 29. Rxc5 Rxc5 30. Bxc5 Kg7 31. Rd7 Rb5 32. Be3 Nb4 33. Bc4 Re5 34. Bd2 a5 {Uhlmann,W (2555)-Spiridonov,N (2420) Decin 1977 1-0 (39)}) 20... Qxd2 21. Bxd2 Nd7 22. Bg4 Bd4+ 23. Kh1 Rf8 24. Bf3 Nc5 25. Bh6 Bg7 26. Bg5 Bf6 27. Be3 a5 28. Rb1 Be5 29. Bd2 Ra8 30. a3 Na6 31. Be3 Rfb8 32. g3 Nc5 33. b4 axb4 34. axb4 Ra3 35. Re2 Na4 36. Ree1 Nc3 37. Rbc1 Rxb4 38. c5 Nb5 39. c6 Rbb3 40. Be2 Rxe3 41. Bxb5 Rxe1+ 42. Rxe1 Rc3 1/2-1/2

[Event "Troll Masters"]
[Site "Gausdal"]
[Date "2003.01.09"]
[Round "3"]
[White "Ovsejevitsch, Sergei"]
[Black "Carlsen, Magnus"]
[Result "1-0"]
[WhiteElo "2517"]
[BlackElo "2279"]
[PlyCount "81"]
[EventDate "2003.01.07"]
[EventType "swiss"]
[EventRounds "10"]
[EventCountry "NOR"]
[SourceTitle "CBM 092 Extra"]
[Source "ChessBase"]
[SourceDate "2003.03.07"]
[SourceVersion "1"]
[SourceVersionDate "2003.03.07"]
[SourceQuality "1"]

1. Nf3 Nf6 2. c4 e6 3. d4 d5 4. Nc3 Be7 5. Bg5 O-O 6. e3 Nbd7 7. cxd5 Nxd5 8. Bxe7 Qxe7 9. Bd3 c5 10. O-O Nb4 11. Be2 cxd4 12. Nxd4 Nf6 $146 ({RR} 12... Ne5 13. Rc1 Rd8 14. Qb3 {1-0 (14) Hautot,S (2368)-Blom,V (2242) Wachtebeke 2018}) 13. a3 Nbd5 14. Nxd5 Nxd5 15. Bf3 Nf6 16. Nb5 Rd8 17. Qb3 e5 18. Qb4 Qxb4 19. axb4 e4 20. Be2 a6 21. Rfd1 Be6 22. Nc7 Rxd1+ 23. Rxd1 Rc8 24. Nxe6 fxe6 25. b5 axb5 26. Bxb5 Rc2 27. b3 Nd5 28. Bc4 Nc3 29. Bxe6+ Kf8 30. Ra1 Ke7 31. Bg8 h6 32. h4 b5 33. Ra7+ Kf8 34. Be6 Nd1 35. Rd7 Rc1 36. Kh2 g6 37. Kg3 Nc3 38. Rf7+ Ke8 39. Rg7 Rh1 40. Rxg6 h5 41. Kf4 1-0

[Event "Tata Steel-A 74th"]
[Site "Wijk aan Zee"]
[Date "2012.01.22"]
[Round "8"]
[White "Radjabov, Teimour"]
[Black "Carlsen, Magnus"]
[Result "1/2-1/2"]
[WhiteElo "2773"]
[BlackElo "2835"]
[PlyCount "88"]
[EventDate "2012.01.14"]
[EventType "tourn"]
[EventRounds "13"]
[EventCountry "NED"]
[EventCategory "21"]
[SourceTitle "CBM 147"]
[Source "ChessBase"]
[SourceDate "2012.03.16"]
[SourceVersion "1"]
[SourceVersionDate "2012.03.16"]
[SourceQuality "1"]

1. Nf3 d5 2. g3 g6 3. Bg2 Bg7 4. d4 c6 5. O-O Nf6 6. Nbd2 O-O 7. c4 a5 8. b3 a4 9. Bb2 Bf5 10. Ne5 Nbd7 11. Nxd7 ({RR} 11. cxd5 cxd5 12. bxa4 Qa5 13. Nb3 Qxa4 14. Nxd7 Nxd7 15. Bxd5 Nb6 16. Bxb7 Rab8 17. Nc5 Qxd1 18. Rfxd1 Nd7 19. Bf3 Nxc5 20. Ba3 Ne6 21. e3 Ng5 22. Bg2 Rfe8 23. Rac1 Be4 24. Rc7 Bf6 25. h4 Bxg2 {Oksendal,M (2235)-Ngo,Q (2326) chess.com INT 2025 0-1}) 11... Bxd7 12. Bc3 axb3 13. axb3 Bg4 $146 ({RR} 13... Bf5 14. Bb4 Qd7 15. e3 Rfe8 16. Nf3 Ne4 17. cxd5 cxd5 18. Rxa8 Rxa8 19. Ne5 Qb5 20. Bxe7 Nc3 21. Qd2 Qxb3 22. Nd3 Nb1 23. Qb4 Qxd3 24. Qxb7 Re8 25. Bb4 Be4 26. Qc6 Rb8 27. Qd6 Qb5 28. Bxe4 {Cordova,E (2637)-Swiercz,D (2636) Atlantic City 2016 0-1 (47)}) 14. Rxa8 Qxa8 15. h3 Bf5 16. Qa1 h5 17. Qxa8 Rxa8 18. Ra1 Rxa1+ 19. Bxa1 Bc2 20. e3 g5 21. Bf1 g4 22. hxg4 hxg4 23. Be2 Kh7 24. cxd5 cxd5 25. Bc3 Kg6 26. Kf1 Kf5 27. Ke1 Nd7 28. b4 e6 29. Nf1 Kg5 30. Nh2 Nf6 31. Bd2 Kf5 32. b5 Bf8 33. Ba5 Be7 34. Bc7 Kg5 35. b6 Bb3 36. f4+ Kf5 37. Kf2 Bc4 38. Bd1 Bb4 39. Bd8 Ba5 40. Kg2 Bd3 41. Kf2 Ne4+ 42. Kg2 Nf6 43. Kf2 Ne4+ 44. Kg2 Nf6 1/2-1/2

[Event "Norway Chess 9th"]
[Site "Stavanger"]
[Date "2021.09.09"]
[Round "3"]
[White "Rapport, Richard"]
[Black "Carlsen, Magnus"]
[Result "1/2-1/2"]
[WhiteElo "2760"]
[BlackElo "2855"]
[PlyCount "36"]
[EventDate "2021.09.07"]
[EventType "tourn"]
[EventRounds "10"]
[EventCountry "NOR"]
[EventCategory "21"]
[SourceTitle "CBM 204"]
[Source "ChessBase"]
[SourceDate "2021.10.31"]
[SourceVersion "1"]
[SourceVersionDate "2021.10.31"]
[SourceQuality "1"]

1. Nf3 Nf6 2. c4 g6 3. Nc3 Bg7 4. e4 d6 5. d4 O-O 6. Be2 e5 7. O-O exd4 8. Nxd4 Re8 9. f3 Nc6 10. Nc2 Nh5 11. g4 Be5 12. gxh5 Bxh2+ 13. Kxh2 Qh4+ 14. Kg1 Qg3+ 15. Kh1 Qh4+ ({RR} 15... Qh3+ 16. Kg1 {½-½ (16) Korobov,A (2705)-Mamedov,R (2634) Baku 2012}) 16. Kg1 Qg3+ 17. Kh1 Qh4+ $146 ({RR} 17... Re5 18. f4 Rxh5+ 19. Bxh5 Qh3+ 20. Kg1 Qg3+ 21. Kh1 Qh3+ {½-½ (21) Martic,Z (2298)-Soldo,J (2102) Malinska 2020}) 18. Kg1 Qg3+ 1/2-1/2

[Event "Moscow Aeroflot op-A"]
[Site "Moscow"]
[Date "2004.02.17"]
[Round "1"]
[White "Sulskis, Sarunas"]
[Black "Carlsen, Magnus"]
[Result "1-0"]
[WhiteElo "2582"]
[BlackElo "2484"]
[PlyCount "71"]
[EventDate "2004.02.17"]
[EventType "swiss"]
[EventRounds "9"]
[EventCountry "RUS"]
[SourceTitle "EXT 2005"]
[Source "ChessBase"]
[SourceDate "2004.11.15"]
[SourceVersion "1"]
[SourceVersionDate "2004.11.15"]
[SourceQuality "1"]

1. Nf3 Nf6 2. c4 g6 3. Nc3 Bg7 4. e4 O-O 5. d4 c6 6. Be2 d5 7. e5 Ne4 8. O-O Nxc3 9. bxc3 dxc4 10. Bxc4 c5 11. h3 Nc6 12. Re1 cxd4 13. cxd4 Na5 14. Bd3 Be6 15. Be3 $146 ({RR} 15. Qe2 Rc8 16. Rb1 b6 17. Bg5 Nc6 18. Red1 Bd5 19. Be4 f5 20. Bxd5+ Qxd5 21. Rb5 Qe4 22. Qxe4 fxe4 23. d5 Rfd8 24. Re1 exf3 25. dxc6 Rxc6 26. Bxe7 Rd2 27. gxf3 Rxa2 28. Bh4 Rd2 29. e6 Kf8 {Kurbonboeva,S (2139)-Dzhumaev,M (2565) Dushanbe 2013 0-1 (58)}) ({RR} 15. Be4 Bd5 16. Qe2 Rc8 17. Bg5 Nc6 18. Rab1 h6 19. Bf4 e6 20. Qe3 Bxe4 21. Qxe4 b6 22. Rbd1 Ne7 23. Nh2 Qd5 24. Qe2 Nf5 25. Ng4 Rfd8 26. Qd2 Rc4 27. Ne3 Nxe3 28. Bxe3 Ra4 29. Bxh6 Rxd4 {Heimann,A (2469)-Kempinski,R (2612) Mainz 2010 0-1 (61)}) 15... Rc8 16. Qd2 Bd5 17. Nh2 Nc4 18. Bxc4 Rxc4 19. Bh6 Bc6 20. Bxg7 Kxg7 21. Ng4 Rxd4 22. Qg5 Qd5 23. f3 Rd2 24. Ne3 Qd4 25. Kh1 Bd7 26. Rad1 Rxd1 27. Rxd1 Qa4 28. Qxe7 Be6 29. Qf6+ Kg8 30. h4 h5 31. g4 hxg4 32. h5 Qc6 33. Rf1 Bd7 34. Nd5 Kh7 35. hxg6+ fxg6 36. Qe7+ 1-0